00540nam a2200193Ia 450000500170000000800410001704000190005804100120007708200160008910000180010524500510012325000120017426000420018630000140022850400500024265000120029265100320030485000100033620230808084318.0131103s9999 xx 000 0 und d aLoreto College aEnglish a909.82bTHO aThomson,David aWorld History from 1914 to 1968cDavid Thomson a3rd ed. aLondonbOxford University Pressc1969 ax,166 p.  aIncludes bibliographical references and index aHistory aWorld History - 1914 - 1968 aLCLIB